FIFA 22 highest rated players - Statistics

General Stats
  • This quiz has been taken 249 times
  • The average score is 19 of 22
Answer Stats
Hint Answer % Correct
OVR 93 Argentina Ligue 1 Lionel Messi
100%
OVR 91 Portugal Premier League Cristiano Ronaldo
99%
OVR 92 Poland Bundesliga Robert Lewandowski
99%
OVR 91 Brazil Ligue 1 Neymar Jr.
98%
OVR 91 Belgium Premier League Kevin De Bruyne
97%
OVR 91 France Ligue 1 Kylian Mbappé
97%
OVR 89 Egypt Premier League Mo Salah
95%
OVR 90 England Premier League Harry Kane
93%
OVR 89 South Korea Premier League Heung Min Son
93%
OVR 91 Slovenian La Liga Jan Oblak
92%
OVR 89 Senegalese Premier League Sadio Mané
91%
OVR 89 Netherland Premier League Virgil Van Dijk
86%
OVR 90 Germany Bundesliga Manuel Neuer
84%
OVR 89 Italy Ligue 1 Gianluigi Donnarumma
82%
OVR 89 Germany Bundesliga Joshua Kimmich
80%
OVR 89 Belgium La Liga Thibault Courtois
79%
OVR 89 Brazil Premier League Alisson
77%
OVR 89 France La Liga Karim Benzema
76%
OVR 90 Germany La Liga Marc-André Ter Stegen
76%
OVR 90 France Premier League N'Golo Kante
76%
OVR 89 Brazil Premier League Ederson
75%
OVR 89 Brazil La Liga Casemiro
65%
No matching quizzes found
Score Distribution
Percent of People with Each Score
Percentile by Number Answered
Your Score History
You have not taken this quiz